Music Quiz

Random Music Quiz
Score 0/12 Timer 04:00
3 Plays Today
% Correct
Triangle
95.6%
Tambourine
95.6%
Harp
95%
Tuba
93.3%
Cymbals
90.8%
Viola
90.3%
Vibraphone
89.6%
Organ
89%
Flute
81.8%
Piano
81.4%
Violin
69.2%
Chimes
68.2%
Remove Ads.
Support Sporcle.
Get the best of Sporcle when you Go Orange. This ad-free experience offers more features, more stats, and more fun while also helping to support Sporcle. Thank you for becoming a member.

You're not logged in!

Compare scores with friends on all Sporcle quizzes.
OR
Log In

Show Comments

Extras

Top Quizzes Today


Score Distribution

Your Account Isn't Verified!

In order to create a playlist on Sporcle, you need to verify the email address you used during registration. Go to your Sporcle Settings to finish the process.

Report this User

Report this user for behavior that violates our Community Guidelines.

Details: